Statistics for So you think you're a Halo nerd...

Click here to take the quiz!

General Stats

  • This quiz has been taken 867 times
  • The average score is 4 of 15

Answer Stats

HintAnswer% Correct
True or false- the SPARTANS were originally created to fight the Covenant.False
88%
On what planet did most of SPARTAN training take place?Reach
83%
Which Covenant race sided with the humans starting midway through Halo 2?Sangheili
82%
What is SPARTAN-087's real name?Kelly
47%
Who was the first SPARTAN-II to die in combat?Samuel-034
22%
What is Master Chief's home planet?Eridanus II
12%
What is the name of the club in New Alexandria where the remnants of Noble Team fight several Hunters?Club Errera
8%
Name the ice shelf located near ONI Sword Base.Babd Catha Ice Shelf
4%
What is the homeworld of the Kig-Yar, better known as the Jackals?Eayn
4%
What is Master Chief's hometown?Elysium City
4%
What UNSC Vice Admiral died in a final stand against Covenant forces over the space station Unyielding Hierophant?Danforth Whitcomb
3%
What was the original homeworld of the Forerunners?Ghibalb
3%
Name the Covenant colony largely destroyed by the UNSC NOVA bomb in Halo: Ghosts of Onyx.Joyous Exultation
2%
What Sangheili Fleet Master was captain of the Incorruptible during the Onyx incident?Voro 'Mantakree
2%
Name that colony's moon, which was shattered in the NOVA bomb detonation.Malhiem
1%

Score Distribution

Percentile by Number Answered

Percent of People with Each Score

Your Score History

You have not taken this quiz